Jeux Mario par Mondes/Lieux (Yellowbox) - Statistiques

Statistiques générales
  • Ce quiz a été pris 14 fois
    10 depuis la dernière actualisation
  • Le résultat moyen est 11 sur 59
Statistiques - réponses
Hint Réponse % Correct
Aéroport Azur Mario Kart 8
67%
Gâteau d'anniversaire de Peach Mario Party
67%
Mouillage des nuages Mario Party 10
67%
Pays Horreur Mario Party 2
67%
Désert Épineux Mario Party 3
67%
Hangar K.Tastroff Mario Party 6
67%
Cauchemar au Manoir Mario Party 9
67%
Zone Hydrique Mario & Luigi : Voyage au centre de Bowser
33%
Ponton Lugubre Mario Kart 64
33%
Piste Musicale Mario Kart 7
33%
Jungle Dino Dino Mario Kart Double Dash
33%
Quartier Delfino Mario Kart DS
33%
Supermarché Coco Mario Kart Wii
33%
Casino Goomba Mario Party 4
33%
Ludirêve Mario Party 5
33%
Flash Vegas Mario Party 7
33%
Marrant Express de Maskass Mario Party 8
33%
Salle de Musique de Toadette Mario Party DS
33%
Stade Galactique Mario Strikers Charged Football
33%
Château de Tubba Blubba Paper Mario
33%
Yunnanville Paper Mario : La Porte Millénaire
33%
Volcan de Glace Super Mario Galaxy
33%
Scierie Sidérale Super Mario Galaxy 2
33%
Pays de la Cuisine Super Mario Odyssey
33%
Ruines Dominos des Whomps Super Mario Party
33%
Village Pianta Super Mario Sunshine
33%
Rivages Mistigrilles Bowser's Fury
0%
Conservatoire Luigi's Mansion
0%
Maison des Collections Luigi's Mansion 2
0%
Musée d'histoire surnaturelle Luigi's Mansion 3
0%
Bois Somnom Mario & Luigi Dream Team Bros
0%
Koopathèque Mario & Luigi : Les Frères du Temps
0%
Prairies Radioses Mario & Luigi Paper Jam Bros
0%
Canton Héhé Mario & Luigi Superstar Saga
0%
Rocadune Mario Golf : Super Rush
0%
Cascades Cheep Cheep Mario Golf Toadstool Tour
0%
Route Ruban Mario Kart Super Circuit
0%
Ruines Plante Piranha Mario Kart Tour
0%
Parc aux Fusées Mario Party Island Tour
0%
Usine Wario Mario Power Tennis
0%
Jardin de Daisy Mario Slam Basketball
0%
Colisée Konga Mario Smash Football
0%
Forteresse de lave Mario Strikers : Battle League Football
0%
Salle de Jeu de Bowser Jr. Mario Super Sluggers
0%
Temple de Rakhet Mario Tennis Aces
0%
Jardins Antiques Mario + The Lapins Crétins : Kingdom Battle
0%
Canyon Desperado Mario + The Lapins Crétins : Sparks of Hope
0%
Lac Cerise Paper Mario Color Splash
0%
Machu Pichomp Paper Mario Sticker Star
0%
Shogunland Paper Mario The Origami King
0%
Souterrain Miné Super Mario 3D World
0%
Caverne Brumeuse Super Mario 64
0%
Îles du Soleil Super Mario 64 DS
0%
Mines Fongiques Super Mario Bros Wonder
0%
Vallée Fantôme Super Mario Kart
0%
Dôme Vanille Super Mario World
0%
Hyperespace Super Paper Mario
0%
Cabinet dentaire du Dr. Payne WarioWare
0%
Manoir Miroir Wario World
0%
Aucun quiz correspondant
Distribution des résultats
% des personnes avec chaque résultat
Percentile par nombre de réponses
Votre historique - résultats
Vous n’avez pas pris ce quiz depuis la dernière actualisation